Les 30 joueurs les + chers de l'AC Milan - Statistiques

Statistiques générales
  • Ce quiz a été pris 125 fois
    36 depuis la dernière actualisation
  • Le résultat moyen est 14 sur 30
Statistiques - réponses
# Saison De Poste Valeur du transfert Pays Joueur % Correct
1 19/20 Lille OSC A 49 500 000 € Rafael Leão
100%
2 17/18 Juventus D 42 000 000 € Leonardo Bonucci
96%
8 25/26 Chelsea FC A 37 000 000 € Christopher Nkunku
71%
22 11/12 FC Barcelona A 24 000 000 € Zlatan Ibrahimović
64%
17 24/25 AS Monaco M 26 000 000 € Youssouf Fofana
61%
11 21/22 Chelsea FC D 35 300 000 € Fikayo Tomori
57%
4 18/19 CR Flamengo M 38 400 000 € Lucas Paquetá
57%
25 99/00 Dynamo Kyiv A 23 910 000 € Andriy Shevchenko
54%
21 08/09 FC Barcelona A 24 150 000 € Ronaldinho
54%
3 01/02 ACF Fiorentina M 41 320 000 € Rui Costa
54%
28 19/20 Real Madrid CF D 22 800 000 € Theo Hernández
54%
13 15/16 Sevilla FC A 33 300 000 € Carlos Bacca
50%
7 22/23 Club Brugge M 37 500 000 € Charles De Ketelaere
50%
12 18/19 Genoa CFC A 35 000 000 € Krzysztof Piatek
50%
16 24/25 Feyenoord Rotterdam A 30 200 000 € Santiago Gimenez
50%
24 07/08 SC Internacional A 24 000 000 € Alexandre Pato
46%
9 01/02 Juventus A 36 150 000 € Filippo Inzaghi
46%
14 19/20 Atalanta BC M 32 000 000 € Franck Kessié
43%
26 17/18 Bayer 04 Leverkusen M 23 300 000 € Hakan Çalhanoğlu
43%
20 23/24 AZ Alkmaar M 24 800 000 € Tijjani Reijnders
43%
15 02/03 SS Lazio D 31 000 000 € Alessandro Nesta
39%
5 17/18 FC Porto A 38 000 000 € André Silva
36%
10 25/26 Club Brugge M 36 000 000 € Ardon Jashari
36%
30 02/03 Inter M 22 500 000 € Clarence Seedorf
36%
19 15/16 AS Roma D 25 000 000 € Alessio Romagnoli
32%
27 25/26 Torino FC M 23 000 000 € Samuele Ricci
29%
18 05/06 Parma Calcio 1913 A 25 000 000 € Alberto Gilardino
21%
23 17/18 Atalanta BC D 24 000 000 € Andrea Conti
18%
6 18/19 Juventus D 37 740 000 € Mattia Caldara
11%
29 18/19 ACF Fiorentina A 22 500 000 € Nikola Kalinić
7%
Aucun quiz correspondant
Distribution des résultats
% des personnes avec chaque résultat
Percentile par nombre de réponses
Votre historique - résultats
Vous n’avez pas pris ce quiz depuis la dernière actualisation